Get the Picture: Stranger Things Characters Quiz Stats

 Plays Quiz Updated Jul 5, 2019

Score 0/20 Timer 04:00
0 Plays Today
Question Answer Wrong Answers
Danced with Eleven at the 1984 Snow Ball. Mike Wheeler
91.8%
Will Byers
2%
Lucas Sinclair
0.9%
Dustin Henderson
1.2%
Was possessed by the Mind Flayer. Will Byers
90.6%
Mike Wheeler
2.7%
Lucas Sinclair
1.3%
Dustin Henderson
1.5%
Was given the nickname 'Zombie Boy'. Will Byers
89.8%
Mike Wheeler
2.4%
Lucas Sinclair
1.3%
Dustin Henderson
2.5%
Had a pet named D'Artagnan. Dustin Henderson
88.8%
Mike Wheeler
2.6%
Will Byers
2.8%
Lucas Sinclair
1.8%
Played by Finn Wolfhard. Mike Wheeler
88.2%
Will Byers
4%
Lucas Sinclair
1.7%
Dustin Henderson
2.1%
Has a mother named Joyce. Will Byers
87.2%
Mike Wheeler
5.5%
Lucas Sinclair
1%
Dustin Henderson
2.3%
Danced with Max at the 1984 Snow Ball. Lucas Sinclair
86.9%
Mike Wheeler
4%
Will Byers
2.4%
Dustin Henderson
2.7%
Played by Gaten Matarazzo. Dustin Henderson
86.6%
Mike Wheeler
3.5%
Will Byers
3%
Lucas Sinclair
2.8%
Has a girlfriend in Utah named Suzie. Dustin Henderson
86.5%
Mike Wheeler
2.2%
Will Byers
3.2%
Lucas Sinclair
4.1%
Danced with Nancy at the 1984 Snow Ball. Dustin Henderson
85.5%
Mike Wheeler
4.1%
Will Byers
4.2%
Lucas Sinclair
2.2%
Played by Noah Schnapp. Will Byers
83.9%
Mike Wheeler
6.1%
Lucas Sinclair
3.2%
Dustin Henderson
3.1%
Used a slingshot in an attempt to defeat the Demogorgon. Lucas Sinclair
80.5%
Mike Wheeler
3.6%
Will Byers
2.7%
Dustin Henderson
9.3%
Played by Caleb McLaughlin. Lucas Sinclair
80.4%
Mike Wheeler
4.2%
Will Byers
6.3%
Dustin Henderson
5.1%
Has two siblings. Mike Wheeler
79.1%
Will Byers
4.7%
Lucas Sinclair
9.5%
Dustin Henderson
2.7%
Was given the nickname 'Stalker' by Max. Lucas Sinclair
76.6%
Mike Wheeler
6.7%
Will Byers
2.7%
Dustin Henderson
9.8%
Was the Dungeon Master during Season 1's Dungeons & Dragons game. Mike Wheeler
57.2%
Will Byers
28.4%
Lucas Sinclair
2.9%
Dustin Henderson
7.6%
Is President of the AV Club. Mike Wheeler
55.1%
Will Byers
8.3%
Lucas Sinclair
3.7%
Dustin Henderson
28.8%
Dressed up as Ghostbuster Egon Spengler for Halloween. Will Byers
44.8%
Mike Wheeler
18.8%
Lucas Sinclair
14.9%
Dustin Henderson
17.3%
Dressed up as Ghostbuster Ray Stanz for Halloween. Dustin Henderson
44.4%
Mike Wheeler
17.7%
Will Byers
16.4%
Lucas Sinclair
17.3%
Held the high score for Dragon's Lair at the Palace Arcade. Lucas Sinclair
26.2%
Mike Wheeler
8.9%
Will Byers
10.1%
Dustin Henderson
50.9%

Today's Daily Dose

Missing Word
Sherlocks

Word Ladder
King of the Hill

Quick Pick
Songs in Pink

Get the Picture
NBA Teammates

You're not logged in!

Compare scores with friends on all Sporcle quizzes.
OR
Log In

Sporcle TV

Today on Sporcle TV


Watch our educational content, quiz creation guides, and fun videos on Sporcle TV.

Show Comments

Extras

Top Quizzes Today


Score Distribution

Your Account Isn't Verified!

In order to create a playlist on Sporcle, you need to verify the email address you used during registration. Go to your Sporcle Settings to finish the process.

Report this User

Report this user for behavior that violates our Community Guidelines.

Details: